| 000 | 01241nam a2200217Ia 4500 | ||
|---|---|---|---|
| 003 | Ost | ||
| 005 | 20260507075508.0 | ||
| 008 | 260507s9999||||xx |||||||||||||| ||und|| | ||
| 020 | _a9953470847 | ||
| 040 | _cfsecg | ||
| 041 | _aara | ||
| 082 | _a1.6424 | ||
| 100 |
_aحجازي، فادية _eمؤلف |
||
| 245 | 0 |
_aأسس ومعايير تصميم البرمجيات بإستخدام الوسائط المتعددة / _c فادية حجازي |
|
| 260 |
_aبيروت: _bدار النهضة العربية, _c2006 |
||
| 300 |
_a299 صفحة؛ _bإيضاحات ؛ _c25 سم |
||
| 504 | _aببليوغرافيا:ص ص.297-299 | ||
| 520 | _aالتحول عن الإنتاج التقليدي إلى الإنتاج التفاعلي،الخطوات المتبعة في الكتابة لوسائط عديدة،تنوع هياكل بناة المشاريع،أدوات التأليف ولغات البرمجة الخاصة بدمج الوسائط،تصميم واجهة المستخدم،تصميم وإنتاج الجرافيكس،قواعد الملتيميديا ومواقع الشبكة المعلوماتية،التقييم التكويني في تصميم برمجة تعليمية | ||
| 653 | _aالبرمجة | ||
| 942 | _cكتاب | ||
| 999 |
_c44722 _d44722 |
||